Učitavanje...
Storage of potatoes: post- harvest behaviour, store design, storage practice, handling
| Glavni autor: | |
|---|---|
| Daljnji autori: | |
| Format: | Printed Book |
| Jezik: | Undetermined English |
| Izdano: |
Wageningen
Centre For Agricultural Publishing and Documentation
1981
|
| Teme: |
| LEADER | 00707nam a2200193Ia 4500 | ||
|---|---|---|---|
| 008 | 140306s9999 xx 000 0 und d | ||
| 041 | |a eng | ||
| 082 | |a 631 .56 |b RAS/ST | ||
| 100 | |a Es, A V | ||
| 700 | |a Rastovski, A | ||
| 245 | |a Storage of potatoes: post- harvest behaviour, store design, storage practice, handling | ||
| 260 | |a Wageningen |b Centre For Agricultural Publishing and Documentation |c 1981 | ||
| 300 | |a 462 | ||
| 365 | |b Rs .154 .00 | ||
| 650 | |a Harvesting | ||
| 650 | |a post harvest technology | ||
| 942 | |2 ddc |c BK | ||
| 999 | |c 107388 |d 107388 | ||
| 952 | |0 0 |1 0 |2 ddc |4 0 |6 631__560000000000000_RASST |7 0 |9 104538 |a KAUHCV |b KAUHCV |d 2004-03-19 |g 154.00 |o 631 .56 RAS/ST |p KAU_HCV-16517 |r 2014-03-22 |w 2014-03-22 |y BK | ||